| 000 | 01360nam a2200361 a 4500 | ||
|---|---|---|---|
| 001 | 000108617 | ||
| 003 | CHAP | ||
| 005 | 20220329144018.0 | ||
| 008 | 140227s2012 mx sm |||||||spa d | ||
| 010 | _a105079 | ||
| 011 | _a106051 | ||
| 040 | _cCHAP | ||
| 090 | _aTesis | ||
| 100 | 1 |
_aGarcía Cancino, María Dolores _9125651 |
|
| 245 | 1 | 0 |
_aControl de calidad del parasitoide de Anastrepha spp. Utetes anastrephae viereck (hymenoptera: braconidae) en Metapa , Chiapas. _h[En línea] _cpor María Dolores García Cancino. |
| 260 |
_aChapingo, Méx. : _bEl autor, _c2012. |
||
| 500 | _aPara ver el contenido del material haga clic en la liga | ||
| 502 | _aTesis (Ing. Agr. Esp. en Parasitología Agrícola ) -- UACH. Parasitología Agrícola | ||
| 590 |
_aBATCH-UPD _b10 _c20140324 _lUCH01 _h1535 |
||
| 590 |
_aBATCH-UPD _b10 _c20141002 _lUCH01 _h0856 |
||
| 590 |
_aE11695DGD _b10 _c20140304 _lUCH01 _h0926 |
||
| 590 |
_aE5765TAJ _b05 _c20140227 _lUCH01 _h1156 |
||
| 590 |
_aE5765TAJ _b05 _c20140227 _lUCH01 _h1210 |
||
| 650 | 1 | 4 |
_aAnastrepha _95486 |
| 650 | 1 | 4 |
_aBraconidae. _914939 |
| 650 | 1 | 4 |
_aFruta _xPlagas _zChiapas. _9125653 |
| 650 | 1 | 4 |
_aInteracción huésped-parásito. _959512 |
| 650 | 1 | 4 |
_aMosca de la fruta. _978989 |
| 856 |
_aFinding aid _uhttp://10.13.5.2/tesis/sist108617.pdf _zTeclea aquí |
||
| 901 | _aBK | ||
| 942 | _cTESIS | ||
| 942 | _n0 | ||
| 999 |
_c105079 _d105079 |
||